Los sueños de Peca y Lino / (Registro nro. 12595)

Detalles MARC
000 -LIDER
fixed length control field 00625nam a22002177a 4500
003 - IDENTIFICACDOR DE NÚMERO DE CONTROL
control field DO-SdBNP
005 - DATE AND TIME OF LATEST TRANSACTION
control field 20180315101311.0
008 - ELEMENTOS DE LONGITUD FIJA
fixed length control field 170731b 20uu sp 0 spa d
040 ## - FUENTE DE CATALOGACIÓN
Agencia que crea de manera original el registro BPMSU
Idioma de catalogación spa
Agencia que realiza la transcripción BPMSU
100 ## - ASIENTO PRINCIPAL -- NOMBRE PERSONAL
Nombre personal Gil, Carmen
245 ## - MENCIÓN DE TITULO
Título Los sueños de Peca y Lino /
Mención de responsabilidad Carmen gil ; ilustradora Ana Guillén
260 ## - PUBLICACIÓN, DISTRIBUCIÓN, ETC. (PIE DE IMPRENTA)
Lugar de publicación, distribución, etc [Madrid] :
Nombre del editor, distribuidor, etc. SM,
Fecha de publicación, distribución, etc [2012?]
300 ## - DESCRIPCIÓN FÍSICA
Extensión [10] p. :
Otros detalles físicos il. ;
Dimensiones 20 cm.
490 ## - MENCIÓN DE SERIES
Mención de serie Peca y Lino
500 ## - NOTA GENERAL
Nota general Datos tomados de la cubierta
700 ## - ASIENTO SECUNDARIO -- NOMBRE PERSONAL
Nombre personal Ana Guillén
Mención de responsabilidad ils.
830 ## - ASIENTO SECUNDARIO DE SERIE--TÍTULO UNIFORME
Título uniforme Peca y Lino
942 ## - ADDED ENTRY ELEMENTS (KOHA)
Source of classification or shelving scheme Dewey Decimal Classification
Koha item type Libros
945 ## - INFORMACIÓN DE PROCESAMIENTO LOCAL
Información de procesamiento local Inventariado, 218 / BT
956 ## - LOCAL ELECTRONIC LOCATION AND ACCESS (OCLC)
Nombre de host VMATEO
Número de acceso 10
Información de compresión 20170731
Trayectoria BPMSU
Nombre Electrónico 0069
Existencias
Withdrawn status Lost status Source of classification or shelving scheme Damaged status Not for loan Collection code Home library Current library Date acquired Total Checkouts Barcode Date last seen Price effective from Koha item type
    Dewey Decimal Classification     Colección Infantil General Biblioteca Pública Metropolitana Salomé Ureña Biblioteca Pública Metropolitana Salomé Ureña 07/31/2017   BPMSU17070025 07/31/2017 07/31/2017 Libros